Gender, development, and globalization : (Record no. 592704)

000 -LEADER
fixed length control field 01699cam a2200385 i 4500
001 - CONTROL NUMBER
control field 18485484
005 - DATE AND TIME OF LATEST TRANSACTION
control field 20221216084442.0
008 - FIXED-LENGTH DATA ELEMENTS--GENERAL INFORMATION
fixed length control field 150209s2016 nyu b 001 0 eng
010 ## - LIBRARY OF CONGRESS CONTROL NUMBER
LC control number 2014045153
020 ## - INTERNATIONAL STANDARD BOOK NUMBER
International Standard Book Number 9780415537483 (hbk)
020 ## - INTERNATIONAL STANDARD BOOK NUMBER
International Standard Book Number 9780415537490 (pbk)
020 ## - INTERNATIONAL STANDARD BOOK NUMBER
Canceled/invalid ISBN 9781136263651
Qualifying information ebook
040 ## - CATALOGING SOURCE
Original cataloging agency DLC
Language of cataloging eng
Transcribing agency DLC
Description conventions rda
Modifying agency DLC
042 ## - AUTHENTICATION CODE
Authentication code pcc
050 00 - LIBRARY OF CONGRESS CALL NUMBER
Classification number HQ1381
Item number .B46 2016
082 00 - DEWEY DECIMAL CLASSIFICATION NUMBER
Classification number 305.42,BEN
Edition number 23
100 1# - MAIN ENTRY--PERSONAL NAME
Personal name Benería, Lourdes.
9 (RLIN) 105025
245 10 - TITLE STATEMENT
Title Gender, development, and globalization :
Remainder of title economics as if all people mattered /
Statement of responsibility, etc. Lourdes Benería, Günseli Berik, and Maria Floro.
264 #1 - PRODUCTION, PUBLICATION, DISTRIBUTION, MANUFACTURE, AND COPYRIGHT NOTICE
Place of production, publication, distribution, manufacture New York ;
-- London :
Name of producer, publisher, distributor, manufacturer Routledge, Taylor & Francis Group,
Date of production, publication, distribution, manufacture, or copyright notice 2016.
300 ## - PHYSICAL DESCRIPTION
Extent xxvii, 319 pages ;
Dimensions 23 cm
336 ## - CONTENT TYPE
Content type term text
Source rdacontent
337 ## - MEDIA TYPE
Media type term unmediated
Source rdamedia
338 ## - CARRIER TYPE
Carrier type term volume
Source rdacarrier
500 ## - GENERAL NOTE
General note Earlier edition published in 2003.
505 ## - FORMATTED CONTENTS NOTE
Formatted contents note Gender and Development: A Historical Overview (Page-1), The Study of Women and Gender in Economics (Page-41), Markets, Globalization, and Gender (Page-93), Labor Markets under Globalization (Page-135), Paid and Unpaid Work: Meanings and Debates (Page-179), Development as if All People Mattered (Page-227).
650 #0 - SUBJECT ADDED ENTRY--TOPICAL TERM
Topical term or geographic name entry element Feminist economics.
9 (RLIN) 105026
650 #0 - SUBJECT ADDED ENTRY--TOPICAL TERM
Topical term or geographic name entry element Women in development.
9 (RLIN) 105027
650 #0 - SUBJECT ADDED ENTRY--TOPICAL TERM
Topical term or geographic name entry element Globalization.
650 #0 - SUBJECT ADDED ENTRY--TOPICAL TERM
Topical term or geographic name entry element Economic development
General subdivision Social aspects.
9 (RLIN) 8915
700 1# - ADDED ENTRY--PERSONAL NAME
Personal name Berik, Günseli.
9 (RLIN) 105028
700 1# - ADDED ENTRY--PERSONAL NAME
Personal name Floro, Maria.
9 (RLIN) 105029
906 ## - LOCAL DATA ELEMENT F, LDF (RLIN)
a 7
b cbc
c orignew
d 1
e ecip
f 20
g y-gencatlg
942 ## - ADDED ENTRY ELEMENTS (KOHA)
Source of classification or shelving scheme
Koha item type Book
Call number prefix 305.42,BEN
Holdings
Withdrawn status Lost status Source of classification or shelving scheme Damaged status Not for loan Permanent Location Current Location Shelving location Date acquired Total Checkouts Full call number Barcode Date last seen Price effective from Koha item type Public note
          Military College of Signals (MCS) Military College of Signals (MCS) General Stacks 12/16/2022   305.42,BEN MCS37552 12/16/2022 12/16/2022 Book Almirah No.49, Shelf No.2
© 2023 Central Library, National University of Sciences and Technology. All Rights Reserved.